000 00356nam a22001097a 4500
005 20241018101542.0
008 241018b |||||||| |||| 00| 0 eng d
245 _aBusiness lunch buffet at Alfred /
260 _aPhilippines;
_bPhilippine Graphic Publishing Inc.,
_cSeptember 2019.
300 _aVolume 20, pages 64-68,
_billustration.
942 _2ddc
_cPER
999 _c22690
_d22690